Software engineering : (Record no. 541641)
[ view plain ]
| 000 -LEADER | |
|---|---|
| fixed length control field | 00549cam a2200145 i 4500 |
| 020 ## - INTERNATIONAL STANDARD BOOK NUMBER | |
| International Standard Book Number | 0125514506 |
| 082 00 - DEWEY DECIMAL CLASSIFICATION NUMBER | |
| Classification number | 005.1 |
| Author Mark | SOF |
| -- | MCE-L-10;P-74 |
| 245 10 - TITLE STATEMENT | |
| Title | Software engineering : |
| Remainder of title | proceedings of a symposium held at the Queen's University of Belfast, 1976 / |
| Statement of responsibility, etc. | edited by R. H. Perrott. |
| 260 ## - PUBLICATION, DISTRIBUTION, ETC. | |
| Place of publication, distribution, etc. | London ; |
| -- | New York : |
| Name of publisher, distributor, etc. | Academic Press, |
| Date of publication, distribution, etc. | 1977. |
| 300 ## - PHYSICAL DESCRIPTION | |
| Extent | xii, 203 p. : |
| Other physical details | ill. ; |
| Dimensions | 24 cm. |
| 526 ## - STUDY PROGRAM INFORMATION NOTE | |
| Program name | 0 |
| Interest level | 0 |
| Reading level | 0 |
| Title point value | 005_100000000000000_SOF |
| 650 #0 - SUBJECT ADDED ENTRY--TOPICAL TERM | |
| Topical term or geographic name entry element | Software engineering |
| General subdivision | Congresses. |
| 9 (RLIN) | 36620 |
| 700 1# - ADDED ENTRY--PERSONAL NAME | |
| Personal name | Perrott, Ronald H., |
| 9 (RLIN) | 36621 |
| 942 ## - ADDED ENTRY ELEMENTS (KOHA) | |
| Source of classification or shelving scheme | |
| Koha item type | Book |
| Withdrawn status | Lost status | Source of classification or shelving scheme | Damaged status | Not for loan | Permanent Location | Current Location | Date acquired | Total Checkouts | Full call number | Barcode | Date last seen | Price effective from | Koha item type |
|---|---|---|---|---|---|---|---|---|---|---|---|---|---|
| Military College of Engineering (MCE) | Military College of Engineering (MCE) | 08/21/2013 | 005.1 SOF | MCE-9271 | 08/21/2013 | 08/21/2013 | Book |
